AntiProton 86 : VIII European Symposium on Nucleon-Antinucleon Interactions, 1-5 September 1986, Thessaloniki, Greece /

Bibliographic Details
Corporate Author: European Symposium on Nucleon Anti-Nucleon Interactions Thessalonikē, Greece
Other Authors: Charalambous, S., Papastefanou, C., Pavlopoulos, P.
Format: Conference Proceeding Book
Language:English
Published: Singapore : World Scientific Pub. Co., [1987]
Subjects:

MARC

Tag First Indicator Second Indicator Subfields
LEADER 00000cam a2200000 a 4500
001 in00000034459
005 20151007060727.0
008 871110s1987 si a b 10110 eng d
020 |a 9971503131 
035 |a (OCoLC)16961696 
035 |9 AAC1589AM 
040 |a TOL  |c TOL  |d TXA  |d UtOrBLW 
049 |a TXAM  |c [A11687765] 
050 4 |a QC793.9  |b .E93 1986 
111 2 |a European Symposium on Nucleon Anti-Nucleon Interactions  |n (8th :  |d 1986 :  |c Thessalonikē, Greece) 
245 1 0 |a AntiProton 86 :  |b VIII European Symposium on Nucleon-Antinucleon Interactions, 1-5 September 1986, Thessaloniki, Greece /  |c edited by S. Charalambous, C. Papastefanou, P. Pavlopoulos. 
264 1 |a Singapore :  |b World Scientific Pub. Co.,  |c [1987] 
264 4 |c ©1987 
300 |a xii, 436 pages :  |b illustrations ;  |c 23 cm. 
336 |a text  |b txt  |2 rdacontent 
337 |a unmediated  |b n  |2 rdamedia 
338 |a volume  |b nc  |2 rdacarrier 
504 |a Includes bibliographical references and index. 
650 0 |a Nucleon-antinucleon interactions  |x Congresses. 
650 0 |a Antiprotons  |x Congresses. 
700 1 |a Charalambous, S. 
700 1 |a Papastefanou, C. 
700 1 |a Pavlopoulos, P. 
999 |a MARS 
999 f f |s 5d6c1a6d-baf6-394b-82b0-edf1ed95b254  |i 8d20c08c-e683-3e2b-8c29-342c9a1df58b  |t 0 
952 f f |p ric  |a Texas A&M University  |b Rellis Campus  |c Joint Library Facility  |d Remote Storage  |t 0  |e QC793.9 .E93 1986  |h Library of Congress classification  |i unmediated -- volume  |m A14811687765 
998 f f |a QC793.9 .E93 1986  |t 0  |l Remote Storage